Amor a Psycha /

Hlavní autor: Apuleius, Lucius, asi 125-asi 180
Další autoři: Šafár, Ignác, 1912-1981
Jazyk: Slovenština
Vydáno: Bratislava : Slovenský spisovateľ, 1959
Vydání: 2. vyd. (vo vyd. Slovenský spisovatel' 1.)
Edice: Malá kazetová knižnica
Fyzický popis: 96 s. : il. ; 12°
Knihy
Uloženo v:
LEADER 00915nam a22002412a 4500
001 000283799
003 CZ BrMZK
005 20100315145054.0
007 ta
008 980105s1959 xo a f slo d
040 |a ABA001  |b cze  |d ABA001  |d BOA001 
100 1 |a Apuleius, Lucius,  |d asi 125-asi 180  |7 jn19981000130  |4 aut 
245 1 0 |a Amor a Psycha /  |c Lucius Apuleius Madaurensis ; preložil, štúdiu a vysvetlivky napísal Ignác Šafár 
250 |a 2. vyd. (vo vyd. Slovenský spisovatel' 1.) 
260 |a Bratislava :  |b Slovenský spisovateľ,  |c 1959 
300 |a 96 s. :  |b il. ;  |c 12° 
490 1 |a Malá kazetová knižnica. Séria 1 ;  |v zv. 2 
700 1 |a Šafár, Ignác,  |d 1912-1981  |7 kup20030000115976  |4 trl 
830 0 |a Malá kazetová knižnica 
910 |a BOA001  |b 1-0422.265 
990 |a BK 
991 |b 200909 
996 7 |b 2619885230  |c 1-0422.265  |l MZK  |r Sklad / do 1 hodiny  |n 9  |w 000283799  |u 000010  |a 1  |e BOA001  |j MZK50  |s A